Pompeii and the Roman villa : (Record no. 22359)

000 -LEADER
fixed length control field 01941cam a2200397 a 4500
001 - CONTROL NUMBER
control field 15311313
003 - CONTROL NUMBER IDENTIFIER
control field OSt
005 - DATE AND TIME OF LATEST TRANSACTION
control field 20170124084739.0
008 - FIXED-LENGTH DATA ELEMENTS--GENERAL INFORMATION
fixed length control field 080530s2008 dcuab bc 001 0 eng
010 ## - LIBRARY OF CONGRESS CONTROL NUMBER
LC control number 2008024399
020 ## - INTERNATIONAL STANDARD BOOK NUMBER
International Standard Book Number 9780894683534 (alk. paper)
020 ## - INTERNATIONAL STANDARD BOOK NUMBER
International Standard Book Number 0894683535 (alk. paper)
020 ## - INTERNATIONAL STANDARD BOOK NUMBER
International Standard Book Number 9780500514368
020 ## - INTERNATIONAL STANDARD BOOK NUMBER
International Standard Book Number 0500514364
035 ## - SYSTEM CONTROL NUMBER
System control number (OCoLC)227016581
035 ## - SYSTEM CONTROL NUMBER
System control number (OCoLC)ocn227016581
040 ## - CATALOGING SOURCE
Original cataloging agency DLC
Transcribing agency DLC
Modifying agency BTCTA
-- BAKER
-- YDXCP
-- BWKUK
-- BWK
-- BWX
-- CDX
-- DLC
043 ## - GEOGRAPHIC AREA CODE
Geographic area code e-it---
050 00 - LIBRARY OF CONGRESS CALL NUMBER
Classification number N5755
Item number .M38 2008
082 00 - DEWEY DECIMAL CLASSIFICATION NUMBER
Classification number 709.37/7
Edition number 22
100 1# - MAIN ENTRY--PERSONAL NAME
Personal name Mattusch, Carol C.
245 10 - TITLE STATEMENT
Title Pompeii and the Roman villa :
Remainder of title art and culture around the Bay of Naples /
Statement of responsibility, etc. Carol C. Mattusch.
260 ## - PUBLICATION, DISTRIBUTION, ETC. (IMPRINT)
Place of publication, distribution, etc. Washington :
Name of publisher, distributor, etc. National Gallery of Art ;
Place of publication, distribution, etc. London :
Name of publisher, distributor, etc. Thames and Hudson,
Date of publication, distribution, etc. 2008.
300 ## - PHYSICAL DESCRIPTION
Extent xvi, 365 p. :
Other physical details col. ill., maps ;
Dimensions 25 x 31 cm.
500 ## - GENERAL NOTE
General note Catalog of an exhibition at the National Gallery of Art, Washington, Oct. 19, 2008-Mar. 22, 2009; and at the Los Angeles County Museum of Art , May 3-Oct. 4, 2009.
504 ## - BIBLIOGRAPHY, ETC. NOTE
Bibliography, etc Includes bibliographical references (p. 337-351) and index.
650 #0 - SUBJECT ADDED ENTRY--TOPICAL TERM
Topical term or geographic name as entry element Art, Roman
Geographic subdivision Italy
-- Campania
Form subdivision Exhibitions.
650 #0 - SUBJECT ADDED ENTRY--TOPICAL TERM
Topical term or geographic name as entry element Art, Roman
Geographic subdivision Italy
-- Naples, Bay of
Form subdivision Exhibitions.
650 #0 - SUBJECT ADDED ENTRY--TOPICAL TERM
Topical term or geographic name as entry element Architecture, Domestic
Geographic subdivision Italy
-- Naples, Bay of
Form subdivision Exhibitions.
651 #0 - SUBJECT ADDED ENTRY--GEOGRAPHIC NAME
Geographic name Naples, Bay of (Italy)
General subdivision Civilization
Form subdivision Exhibitions.
710 2# - ADDED ENTRY--CORPORATE NAME
Corporate name or jurisdiction name as entry element National Gallery of Art (U.S.)
710 2# - ADDED ENTRY--CORPORATE NAME
Corporate name or jurisdiction name as entry element Los Angeles County Museum of Art.
856 41 - ELECTRONIC LOCATION AND ACCESS
Materials specified Table of contents only
Uniform Resource Identifier <a href="http://www.loc.gov/catdir/toc/ecip0820/2008024399.html">http://www.loc.gov/catdir/toc/ecip0820/2008024399.html</a>
906 ## - LOCAL DATA ELEMENT F, LDF (RLIN)
a 7
b cbc
c orignew
d 1
e ecip
f 20
g y-gencatlg
942 ## - ADDED ENTRY ELEMENTS (KOHA)
Source of classification or shelving scheme
Koha item type Hard Covered Materials
Classification part N 5755 .M38 2008
Holdings
Withdrawn status Lost status Source of classification or shelving scheme Damaged status Not for loan Home library Current library Shelving location Date acquired Source of acquisition Total Checkouts Full call number Barcode Date last seen Price effective from Koha item type
          MACHAKOS UNIVERSITY LIBRARY MACHAKOS UNIVERSITY LIBRARY Technical section 24/01/2017 Donation (BFA)   N 5755 .M38 2008 31838 08/06/2018 24/01/2017 Hard Covered Materials
© Machakos University Library, Along The Highway, Machakos Wote Rd, Machakos, Kenya P.O. Box 136 - 90100 Machakos - Kenya

Tel: ( +254 ) 723 805829 OR Fax : 044-20353 OR Email: library@mksu.ac.ke